00422nam a2200157Ia 4500003000400000005001700004008004100021040000700062041000800069082002400077245007600101260004600177365000800223650001900231650001400250OSt20230602110205.0210423s1983 xx 000 0 und d cAL aeng a305.5122223b GOVW aWelfare of scheduled caste scheduled tribes and minorities in karnataka aBangalorebCentre for social actionc1983 cINR aSocial Classes aSociology